000 00415nam a2200169 4500
003 LK-CoMWRAF
005 20240103121414.0
008 230906b1997 |||||||| |||| 00| 0 eng d
040 _aLK-CoMWRAF
_dLK-CoMWRAF
_eLK-CoMWRAF
041 _aeng
082 _a823
_bJHA
100 _aJha, Nilima
245 _aOnce upon a time
260 _aIndia :
_bVikas Publishing,
_c1997
650 _aEnglish Fiction
942 _cBK
999 _c3446
_d3446